| 000 | 01363 a2200217 4500 | ||
|---|---|---|---|
| 001 | 10422 | ||
| 005 | 20260407155437.0 | ||
| 008 | 260407a2010 arg spa d | ||
| 003 | AR-UNSa-BCEJYS | ||
| 040 |
_aAR-UNSa-BCEJYS _bspa _cAR-UNSa-BCEJYS |
||
| 080 |
_a657.6 _xAuditoria (control interno) |
||
| 245 | 1 | 0 | _aLos estándares internacionales de auditoría y su comparación con las normas argentinas |
| 020 | _a978-987-01-1080-4 | ||
| 264 | 1 |
_aBuenos Aires : _bErrepar _c2010 |
|
| 300 |
_axxi, 215 p. _c22 cm. |
||
| 505 | _a1. Los estándares internacionales de auditoría y su comparación con las normas argentinas de auditoría - 2. Detalle de principales diferencias internormativas - 3. Contabilida y auditoría ambiental. Los aspectos medioambientales en la auditoría de estados financieros (intenational auditing practice statement 1010) - 4. Audtoría de instrumentos finacieros derivados - 5. El informe del auditor sobre el cumplimiento de los estándares internacionales de informaión financiera y las normas contables nacionales - 6. Comentarios finales | ||
| 942 | _cBK | ||
| 590 | _aniveau_biblio:m niveau_hierar:0 | ||
| 100 | 1 | _aCasal, Armando Miguel | |
| 856 | 4 | 1 |
_uhttps://biblioeco.unsa.edu.ar/pmb/images/libros/Los estandares internacionales de auditoria y su comparacion con las normas Argentinas2-l118712.jpg _yImagen de portada _qimage/jpeg |
| 999 |
_c449 _d449 |
||